[Event "Plzen A2 12th"]
[Site "Plzen"]
[Date "2024.02.21"]
[Round "6"]
[White "Pujari, Rucha"]
[Black "Pribyl, Josef"]
[Result "1-0"]
[WhiteElo "2071"]
[BlackElo "2221"]
[PlyCount "53"]
[EventDate "2024.02.17"]
[EventType "tourn"]
[EventRounds "9"]
[EventCountry "CZE"]
[EventCategory "1"]
[SourceTitle "CB09_2024"]
[SourceDate "2024.02.28"]
[SourceVersion "1"]
[SourceVersionDate "2024.02.28"]
[SourceQuality "1"]

1. d4 Nf6 2. c4 g6 3. Nf3 Bg7 4. g3 0-0 5. Bg2 d5 6. 0-0 dxc4 7. Na3 Nc6 8. Nxc4 Be6 9. b3 a5 10. Bb2 a4 11. Ng5 Bd7 12. d5 Nb8 13. e4 h6 14. Nxf7 Rxf7 15. e5 Bb5 16. exf6 exf6 17. Re1 Nd7 18. d6 c6 19. Na3 Ba6 20. b4 Bf8 21. b5 cxb5 22. Qg4 Kh7 23. Qe6 Rg7 24. Rad1 Rc8 25. Rd4 Nc5 26. Qe3 b4 27. Qxh6+ 1-0

[Event "Prague Golden Blitz op"]
[Site "Prague"]
[Date "2023.06.18"]
[Round "1"]
[White "Mikhno, Artem"]
[Black "Pribyl, Josef"]
[Result "1-0"]
[WhiteElo "1537"]
[BlackElo "2110"]
[PlyCount "62"]
[EventDate "2023.06.18"]
[EventType "swiss (blitz)"]
[EventRounds "11"]
[EventCountry "CZE"]
[SourceTitle "CBM 215 Extra"]
[Source "ChessBase"]
[SourceDate "2023.09.30"]
[SourceVersion "1"]
[SourceVersionDate "2023.09.30"]
[SourceQuality "1"]

1. d4 Nf6 2. c4 g6 3. Nc3 d5 4. Bg5 Ne4 5. Nxe4 dxe4 6. e3 Bg7 7. Qd2 c5 8. d5 Nd7 9. Ne2 h6 10. Bf4 Nf6 11. Nc3 Bf5 12. Be2 h5 13. Nb5 0-0 14. 0-0 a6 15. Nc3 Ne8 16. h3 Nd6 17. g4 hxg4 18. hxg4 Bd7 19. Bxd6 exd6 20. Nxe4 Qe7 21. Ng3 b5 22. cxb5 axb5 23. a3 Ra4 24. f4 Re8 25. Kf2 b4 26. axb4 Rxb4 27. Ra2 Reb8 28. Rb1 Qh4 29. Rh1 Qf6 30. g5 Qe7 31. Rb1 Ba4 1-0

[Event "Prague Golden Blitz op"]
[Site "Prague"]
[Date "2023.06.18"]
[Round "8"]
[White "Pribyl, Josef"]
[Black "Pulpan, Jakub"]
[Result "0-1"]
[WhiteElo "2110"]
[BlackElo "2484"]
[PlyCount "64"]
[EventDate "2023.06.18"]
[EventType "swiss (blitz)"]
[EventRounds "11"]
[EventCountry "CZE"]
[SourceTitle "CBM 215 Extra"]
[Source "ChessBase"]
[SourceDate "2023.09.30"]
[SourceVersion "1"]
[SourceVersionDate "2023.09.30"]
[SourceQuality "1"]

1. c4 e6 2. Nc3 Bb4 3. a3 Bxc3 4. bxc3 b6 5. e4 Bb7 6. d3 d5 7. cxd5 exd5 8. Qg4 Qf6 9. Bd2 dxe4 10. dxe4 Nd7 11. Bb5 0-0-0 12. Ne2 h5 13. Qf3 Ne5 14. Qxf6 Nxf6 15. f3 a6 16. Ba4 Nd3+ 17. Kd1 Nb2+ 18. Kc2 Nxa4 19. Bg5 Rhe8 20. Rhd1 Nc5 21. Nf4 Rxd1 22. Rxd1 Ne6 23. Bxf6 Nxf4 24. Bg5 Ne6 25. Be3 Rd8 26. Rf1 a5 27. h3 Ba6 28. Re1 a4 29. f4 Nc5 30. Bd4 Bd3+ 31. Kb2 Nxe4 32. Bxg7 Rg8 0-1

[Event "Usti nad Labem rapid op"]
[Site "Usti nad Labem"]
[Date "2023.05.06"]
[Round "4"]
[White "Pribyl, Josef"]
[Black "Hoke, Petr"]
[Result "0-1"]
[WhiteElo "2147"]
[BlackElo "1930"]
[PlyCount "81"]
[EventDate "2023.05.06"]
[EventType "swiss (rapid)"]
[EventRounds "7"]
[EventCountry "CZE"]
[SourceTitle "CBM 214 Extra"]
[Source "ChessBase"]
[SourceDate "2023.07.31"]
[SourceVersion "1"]
[SourceVersionDate "2023.07.31"]
[SourceQuality "1"]

1. c4 d6 2. d4 e5 3. dxe5 dxe5 4. Qxd8+ Kxd8 5. Nf3 f6 6. Nc3 c6 7. Be3 Be6 8. b3 Nd7 9. 0-0-0 Kc7 10. Kb2 Ne7 11. g3 Nf5 12. Bc1 Bc5 13. e3 Nh6 14. h3 Rad8 15. g4 Nf7 16. Rg1 Nb6 17. Bd3 h6 18. Nh4 Ng5 19. Rg3 Bd6 20. Nf5 Bxf5 21. gxf5 e4 22. Nxe4 Bxg3 23. Nxg3 Nxh3 24. Nh1 Nd7 25. f4 Nc5 26. Be2 Rxd1 27. Bxd1 Ne4 28. Bf3 Nhf2 29. Kc2 Rd8 30. b4 Re8 31. Bb2 Nxh1 32. Bxh1 Ng3 33. Bf3 Rxe3 34. Bg4 Re4 35. Bc1 Rxc4+ 36. Kd1 Rxb4 37. Be3 h5 38. Bh3 Rb5 39. a4 Rd5+ 40. Ke1 Nxf5 41. Bc1 0-1